| 000 | 01392nam a2200289 a 4500 | ||
|---|---|---|---|
| 001 | 000024015 | ||
| 005 | 20250314113209.0 | ||
| 008 | 110118s1986 dr 001 0 spa d | ||
| 040 |
_aDO-SdBNP _bspa _cBNPHU |
||
| 082 |
_a304.28 _bE19a |
||
| 245 | 0 | 0 |
_aEcología y ambiente en República Dominicana / _ccompilador Felicita Heredia Lorenzo, Víctor Hugo Delancer. |
| 260 |
_aSanto Domingo : _bUniversidad Autónoma de Santo Domingo, _c1986. |
||
| 300 |
_a180 p. ; _c21 cm. |
||
| 490 | 1 |
_aPublicaciones de la Universidad Autónoma de Santo Domingo ; _v477 |
|
| 490 | 1 |
_aAmbiente y sociedad ; _v1 |
|
| 500 | _aDiscursos y conferencias presentados durtante la Semana del ambiente, celebrada en Santo Domingo del 3-9 de junio de 1984 y 1985. | ||
| 590 | _aInventariado, 2018/BT | ||
| 650 | 4 |
_aEcología _zRepública Dominicana _xCongresos, conferencias, etc. _949353 |
|
| 650 | 4 |
_aEducación ambiental _zRepública Dominicana _xCongresos, conferencias, etc. _949354 |
|
| 650 | 0 |
_aConservación de los recursos naturales _91562 |
|
| 650 | 4 |
_aProtección del medio ambiente _zRepública Dominicana _914337 |
|
| 700 | 1 |
_aHeredia Lorenzo, Felicita, _ecomp. _949355 |
|
| 700 | 1 |
_aDelancer, Víctor Hugo, _ecomp. _936330 |
|
| 830 | 0 |
_aPublicaciones de la Universidad Autónoma de Santo Domingo ; _n477 _949356 |
|
| 830 | 0 |
_aAmbiente y sociedad ; _n1 _949357 |
|
| 910 | _aValidado. Control de calidad. EMS | ||
| 999 |
_c23510 _d23510 |
||